Arte medieval navarro / (Record no. 147650)

MARC details
000 -LEADER
campo de control de longitud fija 00942nam a2200241 i 4500
001 - NÚMERO DE CONTROL
campo de control 147650
003 - IDENTIFICADOR DE NÚMERO DE CONTROL
campo de control ES-MaACL
005 - FECHA Y HORA DE LA ÚLTIMA TRANSACCIÓN
campo de control 20230906202204.0
007 - CAMPO FIJO DE DESCRIPCIÓN FÍSICA--INFORMACIÓN GENERAL
campo de control de longitud fija t|
008 - DATOS DE LONGITUD FIJA--INFORMACIÓN GENERAL
campo de control de longitud fija 071004m19711973sp ||||1| spa d
100 1# - ENTRADA PRINCIPAL--NOMBRE DE PERSONA
Nombre de persona Uranga Galdiano, José Esteban.
9 (RLIN) 112058
245 10 - MENCIÓN DEL TÍTULO
Título Arte medieval navarro /
Mención de responsabilidad, etc. José Esteban Uranga Galdiano y Francisco Íñiguez Almech.
260 ## - PUBLICACIÓN, DISTRIBUCIÓN, ETC.
Lugar de publicación, distribución, etc. [Pamplona] :
Nombre del editor, distribuidor, etc. Aranzadi,
Fecha de publicación, distribución, etc. 1971-1973.
300 ## - DESCRIPCIÓN FÍSICA
Extensión 5 v. :
Otras características físicas il. col. y n. ;
Dimensiones 28 cm.
490 1# - MENCIÓN DE SERIE
Mención de serie Biblioteca Caja de Ahorros de Navarra
505 8# - NOTA DE CONTENIDO CON FORMATO
Nota de contenido con formato Contiene: 1. Arte prerrománico (274 p., 125 h. de lám.) - 2-3. Arte románico (335, 274 p.) - 4-5. Arte gótico (245, 366 p.)
650 #4 - PUNTO DE ACCESO ADICIONAL DE MATERIA--TÉRMINO DE MATERIA
Término de materia o nombre geográfico como elemento de entrada Arte medieval-
Subdivisión geográfica Navarra (Reino)
9 (RLIN) 172694
700 1# - ENTRADA AGREGADA--NOMBRE PERSONAL
Nombre de persona Iñiguez Almech, Francisco.
9 (RLIN) 65371
710 2# - ENTRADA AGREGADA--NOMBRE DE ENTIDAD CORPORATIVA
Nombre de entidad corporativa o nombre de jurisdicción como elemento de entrada Caja de Ahorros de Navarra.
9 (RLIN) 172695
830 1# - PUNTO DE ACCESO ADICIONAL DE SERIE-TÍTULO UNIFORME
Título uniforme Biblioteca Caja de Ahorros de Navarra
9 (RLIN) 187485
852 ## - LOCALIZACIÓN
Ubicación ES-MaACL
Número de control de estantería E-7446-50
Holdings
Estatus retirado Estado de pérdida Estado de daño No para préstamo Biblioteca de origen Biblioteca actual Ubicación en estantería Fecha de adquisición Fuente de adquisición Total de préstamos Signatura topográfica completa Código de barras Visto por última vez Precio de reemplazo Tipo de ítem Koha
        Biblioteca del Ateneo de Madrid Biblioteca del Ateneo de Madrid Depósito 2 17/01/2008     E-7446-50 1154087 23/02/2023 23/02/2023 Libro impreso